Guess the sports balls by the pictures - Statistics

General Stats
  • This quiz has been taken 32 times
  • The average score is 11 of 14
Answer Stats
Picture Answer % Correct
Soccer/football
100%
Baseball
96%
Basketball
96%
Golf
96%
Rugby
96%
Tennis
96%
Ping pong/table tennis
93%
Pool/billiards
93%
Volleyball
93%
American football
89%
Softball
71%
Handball
68%
Bowling ball
43%
Magic 8 ball
14%
No matching quizzes found
Score Distribution
Percent of People with Each Score
Percentile by Number Answered
Your Score History
You have not taken this quiz